| 000 | 00635nam a2200229 a 4500 | ||
|---|---|---|---|
| 005 | 20210219153447.0 | ||
| 008 | 991125n 000 0 eng u | ||
| 035 | _aUPN01000101135 | ||
| 100 | _aCalfee, Robert C. | ||
| 222 | _aJOURNAL OF READING | ||
| 245 | _aStudent portfolios : opportunities for a revolution in assessment | ||
| 300 | _a532-537 | ||
| 362 | _a1993 36/7 | ||
| 505 | _aago. | ||
| 653 | 0 | _aACTITUD DOCENTE | |
| 653 | 0 | _aDESARROLLO DEL MAESTRO | |
| 653 | 0 | _aEVALUACION DE LA ESCRITURA | |
| 653 | 0 | _aPORTFOLIOS (BACKGROUND MATERIALS) | |
| 700 | _aPerfumo, Pam | ||
| 904 |
_aAC _b038946 |
||
| 905 | _aArticulo | ||
| 999 |
_c77470 _d77470 |
||